000 00627nam a2200253Ia 4500
005 20260123172101.0
008 008 260114s9999 xx 000 0 eng d
020 _a9781849806688
037 _aEBOOK
040 _aCRL
040 _beng
040 _cCRL
041 _2eng
041 _aeng
084 _qCRL
100 _aFayolle, Alain
_91107114
245 0 _aHandbook of Research in Entrepreneurship Education: International Perspectives
260 _bEdward Elgar
260 _c2010
856 _uhttps://doi.org/10.4337/9781849806688
942 _cEBOOK
999 _c1672223
_d1672223